Normal view
MARC view
- Salal, Ahmad (362944)
Entry Personal Name
001 - CONTROL NUMBER
- control field: 132320
003 - CONTROL NUMBER IDENTIFIER
- control field: NUST
005 - DATE AND TIME OF LATEST TRANSACTION
- control field: 20251216132219.0
008 - FIXED-LENGTH DATA ELEMENTS
- fixed length control field: 251216|| aca||aabn | a|a d
040 ## - CATALOGING SOURCE
- Original cataloging agency: NUST
- Transcribing agency: NUST
100 ## - HEADING--PERSONAL NAME
- Personal name: Salal, Ahmad (362944)
670 ## - SOURCE DATA FOUND
- Source citation: Work cat.: (NUST): Salal, Ahmad (362944), Techno-Economic Challenges and Policy Implications of High Solar PV Penetration in Pakistan /
